[Event "CUB-ch U18 Girls"]
[Site "Camaguey"]
[Date "2017.06.21"]
[Round "2.10"]
[White "Bosch Valls, Leannet Mariah"]
[Black "Ramirez Borges, Elieny Yuliet"]
[Result "0-1"]
[WhiteElo "1870"]
[BlackElo "1945"]
[PlyCount "40"]
[EventDate "2017.06.21"]
[EventType "swiss"]
[EventRounds "9"]
[EventCountry "CUB"]
[SourceTitle "EXT 2023"]
[Source "ChessBase"]
[SourceDate "2022.10.05"]
[SourceVersion "1"]
[SourceVersionDate "2022.10.05"]
[SourceQuality "1"]

1. e4 Nf6 2. e5 Nd5 3. c4 Nb6 4. c5 Nd5 5. Bc4 e6 6. Nc3 Nxc3 7. dxc3 Bxc5 8. Qg4 g6 9. Bh6 f5 10. exf6 Qxf6 11. 0-0-0 Nc6 12. Nf3 Qf5 13. Qg3 Bd6 14. Qh4 Be7 15. Ng5 Ne5 16. Be2 Nf7 17. f4 Nxh6 18. Rhf1 Nf7 19. Bg4 Qxg5 20. fxg5 Bxg5+ 0-1